| 000 | 00911cam a2200301 a 4500 | ||
|---|---|---|---|
| 001 | 75476 | ||
| 003 | BD-RjUL | ||
| 005 | 20211209082710.0 | ||
| 008 | 190413s1966 xna b 000 0 eng d | ||
| 020 | _a1863890599 | ||
| 035 | _a(BD-RjUL) | ||
| 035 | _a2771215 | ||
| 040 |
_aANL _beng _cANL _dANL |
||
| 041 | _aeng | ||
| 042 | _aanuc | ||
| 043 | _au-at--- | ||
| 082 | 0 | 4 |
_a658.406 _223 _bTOB 1966 |
| 245 | 1 | 0 |
_aBusiness growth / _cedited by Ronald S. Edwards and Harry Townsend |
| 260 |
_alondon : _bMachillan, _c1966. |
||
| 300 |
_axxiv, 410 p. ; _c23 cm. |
||
| 500 | _aIncludes Index | ||
| 650 | 0 |
_aSmall business _zNew South Wales _xCase studies. _9230536 |
|
| 650 | 0 |
_aExport marketing _zNew South Wales _xCase studies. _9230537 |
|
| 710 | 2 |
_aUniversity of New England. _bRural Development Centre. _9230538 |
|
| 830 | 0 |
_aTRDC publication ; _vno. 184. _9230539 |
|
| 942 |
_2ddc _cBK |
||
| 999 |
_c75476 _d75476 |
||